Poslankyňu Čižmárikovú zaujali čižmy dragúna z roku 1824

Bibliographic Details
Main Author: Hriadelová, Miloslava (Author)
Corporate Author: Východoslovenské múzeum (Author)
Format: Article
Language:Slovak
PhysicalDescription:1 foto
ISSN:1335-4566
Subjects:

MARC

LEADER 00000nab a2200000 a 4500
001 vtls000929089
003 SK-MaSNL
005 20260304000912.0
008 040720e20020306xo 0 slo
035 |a KE37966 
040 |a KEVKJB  |b slo  |c KEVKJB  |e AACR2 
041 0 |a slo 
044 |a xo  |c SK 
080 |a 069.02  |2 1981 
100 1 |a Hriadelová, Miloslava  |4 aut  |9 348764 
245 1 0 |a Poslankyňu Čižmárikovú zaujali čižmy dragúna z roku 1824 
300 |b 1 foto 
590 |a Čižmáriková, Katarína  |b novinárka, poslankyňa SOP 
600 1 7 |a Čižmáriková, Katarína  |2 KEVKJB  |9 268712 
610 2 7 |a Východoslovenské múzeum  |2 KEVKJB  |9 29561 
650 0 7 |a múzejné depozitáre  |2 KEVKJB  |9 49521 
650 0 7 |a Zbierka mesiaca  |2 KEVKJB  |9 1276895 
650 0 7 |a informácie  |2 KEVKJB  |9 1285 
651 7 |a Košice (Slovensko)  |2 KEVKJB  |9 18694 
651 7 |a KE,  |2 KEVKJB  |9 877256 
655 7 |a periodikum  |2 snkbucl  |9 29553 
710 2 |a Východoslovenské múzeum  |4 aut  |9 29561 
773 0 8 |t Košický denník Korzár  |g Roč. 5, č.55, 6.3.2002, s. 4  |x 1335-4566 
852 |a ZVYKNI  |b KIS3GCP 
999 |c 2533629  |d 2535559